000 00809nam a2200241Ia 4500
003 OSt
005 20220923221854.0
006 a|||||r|||| 00| 0
007 ta
008 220922b |||||||| |||| 00| 0 hin d
024 _a200,710
037 _cTextual
040 _aARTS
_cARTS
_bhin
041 _2hin
_ahin
082 _aV2:5:E9, 152G1;J0
100 _aबैनी प्रसाद
_9156291
245 0 _aहिन्दुस्तान की पुरानी सभ्यता
246 _aHindustān kī purānī sabhyatā
260 _aइलाहाबाद
_b हिन्दूस्तानी एकेडेमी
_c1967
300 _a480पृ.
_ccm.
942 _hV2:5:E9, 152G1;J0
_cTEXL
_2CC
999 _c352382
_d352382